00474nam a2200181 a 4500001001300000003000900013005001700022008004100039020001000080082001800090100002200108245002600130260005000156300000900206500003500215650002000250700002200270nice12345678IN_TiNIC20260116014208.0070824s2001 newa grp 000 0 eng  ac25000a954.0359bPAN aPandey, Gyanender aRemembering Partition aNew Delhi bCambridge University Press c2001 a218p aincludes index and biblioraphy aIndia-Partition1 aPandey, Gyanender